000
00306nam a2200121Ia 4500
008
190216s9999||||xx |||||||||||||| ||und||
100
_a
Kulkarni P V
245
0
_a
Business Finance Principles And Problems
260
_b
Himalaya Publishing House
_c
1988
300
_a
1115p
650
_a
Commerce
942
_c
BK
999
_c
5391
_d
5391